• 首页
  • 本馆介绍
  • 公告通知
  • 最新文献
  • 馆藏检索
  • 电子资源
  • 读者导购
  • 参考咨询
  • 我的图书馆
  • 登录
  • 详细信息显示
  • 放入我的书架
  • 预约/预借图书
  • 作者相关作品
  • 分类相关作品
  • 丛书相关作品
  • 出版社相关作品

书目信息

  • 表格格式
  • 工作单格式
  • 卡片格式
题名:
环保设备基础
    
 
作者: 刘转年 , 范荣桂 主编
分册:  
出版信息: 徐州   中国矿业大学出版社  2020.8
页数: 270页
开本: 26cm
丛书名:
单 册:
中图分类: X505
科图分类:
主题词: 环境保护--设备--高等教育--教材 , 环境保护
电子资源:
ISBN: 978-7-5646-1803-2
000 00944nam0 2200265 45
001 012001000844
005 20130912084626.0
010    @a978-7-5646-1803-2@dCNY26.00
100    @a20130620d2013 em y0chiy50 ea
101 0  @achi
102    @aCN@b320000
105    @aa z 000yy
106    @ar
200 1  @a环保设备基础@Ahuan bao she bei ji chu@b专著@f刘转年,范荣桂主编
210    @a徐州@c中国矿业大学出版社@d2020.8
215    @a270页@c图@d26cm
300    @a高等教育“十二五”规划教材
330    @a本书介绍了在环境污染治理工程实践中使用范围广、技术含量高、使用频率高的设备。全书共12章,主要内容有:绪论、通用设备、水污染治理设备、大气污染治理设备、固体废弃物处理与资源化利用设备。
606 0  @a环境保护@x设备@x高等教育@j教材
606 0  @a环境保护
690    @aX505@v5
701  0 @a刘转年@Aliu zhuan nian@4主编
701  0 @a范荣桂@Afan rong gui@f(1962 )@4主编
801  0 @aCN@bBJSDL@c20211011
905    @b1336010-3@dX505@e255@f4
    
    环保设备基础/刘转年,范荣桂主编.-徐州:中国矿业大学出版社,2020.8
    270页:图;26cm
    高等教育“十二五”规划教材
    
    ISBN 978-7-5646-1803-2:CNY26.00
    本书介绍了在环境污染治理工程实践中使用范围广、技术含量高、使用频率高的设备。全书共12章,主要内容有:绪论、通用设备、水污染治理设备、大气污染治理设备、固体废弃物处理与资源化利用设备。
●
相关链接 在E读中查询图书 在五车中查询图书 在当当中查询图书 在豆瓣中查询图书


正题名:环保设备基础     索取号:X505/255         预约/预借

序号 登录号 条形码 馆藏地/架位号 状态 备注
1 1336010   213360101   第二样本阅览室/ [索取号:X505/255] 在馆    
2 1336011   213360110   第三借阅区/ [索取号:X505/255] 在馆    
3 1336012   213360129   第三借阅区/ [索取号:X505/255] 在馆    
4 1336013   213360138   第三借阅区/ [索取号:X505/255] 在馆    
唐山师范学院图书馆 欢迎您!
大连网信软件有限公司© 版权所有